03154namaa22003131i 4500003000400000005001700004008004100021040004300062041001800105082001000123100007000133245031100203246011800514264001000632300006000642336002200702337002500724338002300749502007000772504004800842520094900890520060701839530004302446546009902489650004302588653008102631700006202712700006602774OSt20260405113647.0250827s2025 ua a|||frm||| 000 0 eng d aEG-GICUCbaracEG-GICUCdEG-GICUCerda0 aarabarabeng04a741.50 a،دعاء عبد المعطى عنتر محمودeإعداد.10aتعرض الأطفال لأشكال التنمر بالمسلسلات الكارتونية وعلاقته باتجاهاتهم نحوها /cإعداد دعاء عبد المعطى عنتر محمود؛ إشراف أ.د/ حسن محمد على خليل، د/ رضوى صبرى عباس صيام.15aChildren’s exposure to forms of bullying in cartoon series and its relationship to their attitudes towards it / 0c2025. a276 + ( 45) صفحة :bملاحق ؛ c30 cm. + eCD. atext2rda content aUnmediated2rdamedia avolume2rdacarrier aأطروحة (ماجستير)-جامعة القاهرة، 2025. aببليوجرافيا: صفحات 266-276. aيشتمل على مقدمة الدراسة، ومشكلة الدراسة، وأهمية الدراسة، وأهداف الدراسة، والدراسات السابقة، ومصطلحات الدراسة، وتساؤلات الدراسة وفروضها، والإطار النظري للدراسة، والإجراءات المنهجية للدراسة ووصف لأدوات الدراسة وبنائها وصدقها وثباتها. - الفصل الثاني (تعرض الأطفال لأشكال التنمر بالمسلسلات الكارتونية)- الفصل الثالث (اتجاهات الأطفال نحو مشاهد التنمر بالمسلسلات الكارتونية) - الفصل الرابع (مناقشة نتائج الدراسة ومقترحاتها):يتناول نتائج الدراسة ومناقشتها وتفسيرها والخلاصة وأهم نتائج ومقترحات الدراسة. a1.Chapter One (The Study Methodological and Theoretical Framework) It includes the introduction to the study, the problem, significance, and objectives of the study, previous studies, the cultural cultivation theory, its terminology, the study questions and hypotheses, the study methodology, and tools of the study.2.Chapter Two (Children's Exposure to Forms of Bullying in Cartoon Series). 3.Chapter Three (Cartoon Series and Children's Attitudes Towards Them).4.Chapter Four (Study Results Discussion and Suggestions):It discusses the results of the study, its discussion, interpretation, conclusion aصدر أيضًا كقرص مدمج. aالنص بالعربية والملخص باللغة الإنجليزية والعربية. 7aالرسوم الكرتونية2qrmak 0aتعرضaالمسلسلات الكارتونيةaأشكال التنمر0 aحسن محمد على خليلeمشرف أطروحة.0 aرضوى صبرى عباس صيامeمشرف أطروحة.